[Event "Elit(SK Rockaden, Sthlm-Team Pelaro)"]
[Site "?"]
[Date "2022.03.18"]
[Round "3"]
[White "Seo, Jung Min"]
[Black "Wengholm, Anders"]
[Result "1/2-1/2"]
[WhiteElo "2466"]
[BlackElo "2216"]
[PlyCount "259"]
[EventDate "2022.??.??"]

1. e4 c5 2. Nf3 e6 3. d4 cxd4 4. Nxd4 Nf6 5. Nc3 d6 6. g4 h6 7. Rg1 Nc6 8. h4
h5 9. gxh5 Rxh5 10. Bg5 Rh8 11. Qd2 Qb6 12. Nb3 a6 13. O-O-O Qc7 14. f4 Bd7 15.
f5 O-O-O 16. Kb1 Kb8 17. Qf2 Bc8 18. Bh3 Re8 19. Nd4 Ne5 20. Rge1 Nh7 21. Bc1
Nf6 22. Qg3 Bd7 23. Bg5 Nh5 24. Qf2 Qb6 25. Bc1 Nf6 26. Ka1 Qc7 27. Bg5 Nh7 28.
Qg3 Nf6 29. Bxf6 gxf6 30. Rf1 Rh6 31. Nce2 Nc6 32. fxe6 fxe6 33. c3 Ne5 34. Nf4
Qc8 35. Rf2 Re7 36. Rg2 Rhh7 37. h5 Bh6 38. Ng6 Re8 39. Nf3 Qc7 40. Nfxe5 dxe5
41. Rgg1 Bc6 42. Bg2 Rd8 43. Qf3 Rhd7 44. Rxd7 Qxd7 45. a3 Bg5 46. Bh3 Qd6 47.
h6 Bxh6 48. Qxf6 Be3 49. Re1 Bd2 50. Rd1 Ba4 51. Rb1 Bxc3 52. Ka2 Bd4 53. Qxe6
Qc5 54. Bf1 Bc2 55. Re1 Bf2 56. Re2 Bd1 57. Nxe5 Bxe2 58. Bxe2 Qd6 59. Qf5 Re8
60. Nd7+ Kc7 61. Bg4 Bd4 62. Qf7 Re7 63. Qc4+ Kd8 64. Nf6 Re5 65. Qc8+ Ke7 66.
Nd5+ Rxd5 67. Qxb7+ Kf6 68. exd5 Qb6 69. Qxb6+ Bxb6 70. b4 Ke5 71. Be6 a5 72.
Kb3 axb4 73. Kxb4 Kd6 74. Kb5 Be3 75. Ka6 Kc7 76. Bf5 Bc5 77. a4 Be3 78. Kb5
Bf2 79. Kc4 Kd6 80. Be4 Be3 81. Kd3 Bf2 82. Ke2 Bd4 83. Bg2 Bb6 84. Kd3 Bf2 85.
Ke4 Be1 86. Kd3 Bf2 87. a5 Be1 88. a6 Bf2 89. Ke4 Bg1 90. Kf5 Bd4 91. Kg6 Ke7
92. Bf3 Bf2 93. Kf5 Bd4 94. Kg6 Bf2 95. Kg7 Bd4+ 96. Kg8 Bf2 97. Kh7 Bd4 98.
Kg6 Bf2 99. Be2 Kd6 100. Bc4 Ke7 101. Bb5 Kd6 102. Bc6 Ke7 103. Kf5 Bd4 104.
Ke4 Bf2 105. Ke5 Bg3+ 106. Kd4 Bf2+ 107. Kc4 Kd6 108. Be8 Ba7 109. Bf7 Bf2 110.
Kd3 Bb6 111. Ke4 Bf2 112. Bh5 Bb6 113. Bf3 Bf2 114. Kf5 Bd4 115. Bh1 Ke7 116.
Ke4 Bf2 117. Kf3 Bd4 118. Kg2 Kd6 119. Kh2 Be5+ 120. Kh3 Bd4 121. Bg2 Ba7 122.
Kg4 Bf2 123. Kg5 Bd4 124. Kh4 Bf2+ 125. Kh3 Bd4 126. Kh2 Be5+ 127. Kg1 Bd4+
128. Kf1 Bc5 129. Ke1 Ba7 130. Bh1 1/2-1/2

[Event "Elit(LASK-Kungstornet)"]
[Site "?"]
[Date "2022.03.18"]
[Round "3"]
[White "Kucuksari, Kaan"]
[Black "Couso, Luis"]
[Result "1-0"]
[WhiteElo "2362"]
[BlackElo "2263"]
[PlyCount "123"]

1. d4 Nf6 2. c4 g6 3. g3 Bg7 4. Bg2 O-O 5. Nc3 d6 6. Nf3 Nc6 7. O-O a6 8. b3
Rb8 9. Bg5 h6 10. Bd2 e6 11. Rc1 Bd7 12. e4 b5 13. Qe2 b4 14. Na4 e5 15. dxe5
dxe5 16. Rfd1 Qc8 17. Nc5 Bg4 18. Be3 Re8 19. Qf1 Nd7 20. Nxd7 Bxd7 21. Ne1 Nd8
22. Nd3 Ne6 23. Qe1 a5 24. Qd2 Bc6 25. Bxh6 Bh8 26. h4 Qb7 27. Qe3 Rbd8 28. h5
Rd4 29. hxg6 fxg6 30. Bh3 Qb6 31. f3 Bf6 32. Kg2 Bd7 33. Nf2 Qd6 34. Bxe6+ Bxe6
35. Bg5 Bg7 36. Rxd4 exd4 37. Qf4 Qxf4 38. Bxf4 a4 39. Bxc7 Ra8 40. Bd6 axb3
41. axb3 Ra2 42. Rd1 Rb2 43. Rd3 Bh6 44. f4 Bg7 45. Bxb4 Bxc4 46. bxc4 Rxb4 47.
c5 Rc4 48. e5 g5 49. Ne4 gxf4 50. gxf4 Bf8 51. Kf3 Bxc5 52. Nxc5 Rxc5 53. Ke4
Kf7 54. f5 Rc1 55. Rxd4 Re1+ 56. Kf4 Rf1+ 57. Kg5 Rg1+ 58. Rg4 Re1 59. e6+ Ke7
60. Rg2 Rf1 61. Re2 Rf3 62. Rd2 1-0

[Event "Elit(SK Rockaden, Sthlm-Team Pelaro)"]
[Site "?"]
[Date "2022.03.18"]
[Round "3"]
[White "Bjorklund, Thomas"]
[Black "Kenneskog, Theodor"]
[Result "0-1"]
[WhiteElo "2168"]
[BlackElo "2346"]
[PlyCount "38"]
[EventDate "2022.??.??"]

1. e4 c5 2. Nf3 d6 3. d4 cxd4 4. Qxd4 Nc6 5. Qe3 Nf6 6. h3 g6 7. Bc4 Bg7 8. Bd2
O-O 9. O-O d5 10. exd5 Nxd5 11. Bxd5 Qxd5 12. Nc3 Qf5 13. Rac1 b6 14. b3 Bb7
15. Ne2 e5 16. c4 Rfe8 17. Bc3 Nd4 18. Nd2 Rad8 19. Rfe1 Nc2 0-1

[Event "Elit(LASK-Kungstornet)"]
[Site "?"]
[Date "2022.03.18"]
[Round "3"]
[White "Andersson, Fredrik"]
[Black "Mauritsson, Sebastian"]
[Result "1/2-1/2"]
[WhiteElo "2267"]
[BlackElo "2390"]
[PlyCount "29"]

1. e4 c5 2. Nf3 d6 3. d4 cxd4 4. Nxd4 Nf6 5. Nc3 e6 6. g4 h6 7. h3 Nc6 8. Be3
Qc7 9. Nb3 a6 10. f4 b5 11. a3 Bb7 12. Bg2 Be7 13. Qe2 Nd7 14. O-O-O O-O-O 15.
Qf2 1/2-1/2

[Event "Elit(SK Rockaden, Sthlm-Team Pelaro)"]
[Site "?"]
[Date "2022.03.18"]
[Round "3"]
[White "Hedman, Erik"]
[Black "Bergre, Joachim"]
[Result "1/2-1/2"]
[WhiteElo "2368"]
[BlackElo "1944"]
[PlyCount "115"]
[EventDate "2022.??.??"]

1. Nf3 Nf6 2. c4 c5 3. Nc3 g6 4. d4 cxd4 5. Nxd4 Bg7 6. e4 d6 7. Be2 O-O 8. O-O
Nc6 9. Be3 Bd7 10. Nc2 b6 11. Rc1 Rc8 12. f4 Na5 13. Na3 Nb7 14. Bf3 Na5 15. b3
Nc6 16. Rf2 Qc7 17. g4 Rcd8 18. g5 Ne8 19. h4 Qb8 20. h5 f6 21. hxg6 hxg6 22.
Rg2 Nc7 23. gxf6 Rxf6 24. Nab5 Ne6 25. Nd5 Rf7 26. Rxg6 a6 27. Nd4 Nexd4 28.
Bxd4 Nxd4 29. Qxd4 Kh7 30. Qf2 Kxg6 31. Bh5+ Kxh5 32. Qh2+ Kg6 33. f5+ Bxf5 34.
exf5+ Rxf5 35. Nxe7+ Kf7 36. Nxf5 Be5 37. Qh7+ Ke6 38. Qg6+ Kd7 39. Qf7+ Kc8
40. Ne7+ Kc7 41. Nd5+ Kc8 42. Rf1 Bd4+ 43. Kg2 Qb7 44. Qxb7+ Kxb7 45. Rf7+ Kc8
46. Rf4 Be5 47. Rh4 b5 48. cxb5 axb5 49. Kf3 Rh8 50. Rxh8+ Bxh8 51. Ke4 Kd7 52.
Nb4 Bc3 53. Nd5 Bg7 54. Nf4 Kc6 55. Nd3 Bc3 56. Nf4 Be5 57. Nd3 Bc3 58. Nf4
1/2-1/2

[Event "Elit(LASK-Kungstornet)"]
[Site "?"]
[Date "2022.03.18"]
[Round "3"]
[White "Storme, Isak"]
[Black "Glimbrant, Torbjorn"]
[Result "1-0"]
[WhiteElo "2350"]
[BlackElo "2239"]
[PlyCount "119"]

1. e4 e6 2. d4 d5 3. Nd2 c5 4. exd5 exd5 5. Ngf3 a6 6. Be2 c4 7. O-O Bd6 8. b3
cxb3 9. axb3 Nc6 10. c4 Nge7 11. Nb1 O-O 12. Nc3 Bb4 13. Na4 Bg4 14. c5 Ba5 15.
h3 Bh5 16. Bf4 Bc7 17. Qd2 h6 18. Bxc7 Qxc7 19. Rfe1 Rad8 20. Nh4 Bxe2 21. Rxe2
Ng6 22. Nf5 Qf4 23. Qxf4 Nxf4 24. Rd2 Rfe8 25. Kf1 h5 26. Nb6 h4 27. Nxh4 g6
28. Nf3 Kg7 29. g3 Ne6 30. h4 f6 31. Re1 Nc7 32. Rxe8 Rxe8 33. Re2 Rxe2 34.
Kxe2 Na5 35. Nd2 Kf7 36. Ke3 Ke6 37. Nc8 Nb5 38. g4 Nc6 39. Nf3 Na5 40. h5 gxh5
41. gxh5 Nxb3 42. h6 Kf7 43. Ne7 a5 44. Nxd5 a4 45. Kd3 a3 46. Nb4 Nc1+ 47. Kc4
Nc7 48. d5 a2 49. Nxa2 Nxa2 50. Nd4 Nxd5 51. Kxd5 Nc3+ 52. Kc4 Ne4 53. Nf5 Kg6
54. f4 Nf2 55. Kd4 Nd1 56. Nd6 Nb2 57. Nxb7 Na4 58. Nd6 Kxh6 59. Nc4 Nxc5 60.
Kxc5 1-0

[Event "Elit(SK Rockaden, Sthlm-Team Pelaro)"]
[Site "?"]
[Date "2022.03.18"]
[Round "3"]
[White "Dahlgren, Jonas"]
[Black "Trost, Edvin"]
[Result "0-1"]
[WhiteElo "2004"]
[BlackElo "2245"]
[PlyCount "40"]
[EventDate "2022.??.??"]

1. e4 c5 2. Nc3 d6 3. d4 cxd4 4. Qxd4 Nc6 5. Qd2 g6 6. b3 Bh6 7. f4 Nf6 8. Bb2
e5 9. Nge2 Bg4 10. Qd3 O-O 11. a3 exf4 12. Rd1 Re8 13. h3 Bh5 14. Qxd6 Qxd6 15.
Rxd6 Nxe4 16. Nxe4 Rxe4 17. Kf2 Bf8 18. Rd5 Rae8 19. g4 fxg3+ 20. Nxg3 Rf4+ 0-1

[Event "Elit(LASK-Kungstornet)"]
[Site "?"]
[Date "2022.03.18"]
[Round "3"]
[White "Larsson, Anders"]
[Black "Jogstad, Martin"]
[Result "1-0"]
[WhiteElo "2203"]
[BlackElo "2349"]
[PlyCount "103"]

1. e4 e6 2. d4 d5 3. Nc3 Bb4 4. e5 c5 5. a3 Bxc3+ 6. bxc3 Ne7 7. Nf3 Bd7 8. a4
Qa5 9. Bd2 c4 10. Ng5 h6 11. Nh3 Nbc6 12. Nf4 O-O-O 13. Nh5 Rdg8 14. Be2 f6 15.
f4 fxe5 16. fxe5 Rf8 17. Bf3 Nf5 18. O-O Be8 19. Bg4 Bxh5 20. Bxh5 g5 21. Qe2
Ng7 22. Rf6 Ne7 23. Bf7 Kd7 24. Qg4 Qa6 25. Raf1 Rc8 26. h4 Rc6 27. hxg5 h5 28.
Qh3 Qxa4 29. Rh6 Rd8 30. Rff6 Qxc2 31. Bxe6+ Nxe6 32. Rxe6 Nf5 33. Ref6 Rxf6
34. Rxf6 Qxd2 35. Qxf5+ Kc7 36. Rf7+ Kb8 37. g6 Qe3+ 38. Kh2 h4 39. Qf4 Qxf4+
40. Rxf4 Rg8 41. e6 Rxg6 42. e7 Re6 43. Rf8+ Kc7 44. e8=Q Rxe8 45. Rxe8 b5 46.
Kg1 a5 47. Kf2 b4 48. Ke2 b3 49. Kd2 Kc6 50. Kc1 Kb5 51. Kb2 Ka4 52. Rh8 1-0

[Event "Elit(Eksjo-LASK)"]
[Site "?"]
[Date "2021.12.05"]
[Round "2"]
[White "Krantz, Christopher"]
[Black "Kucuksari, Kaan"]
[Result "1/2-1/2"]
[WhiteElo "2245"]
[BlackElo "2331"]
[PlyCount "93"]

1. d4 Nf6 2. Nf3 g6 3. g3 Bg7 4. Bg2 O-O 5. O-O d6 6. b3 e5 7. dxe5 Ng4 8. Bb2
Nc6 9. c4 Ngxe5 10. Nxe5 Nxe5 11. Nc3 Rb8 12. Qd2 Bd7 13. Rfd1 Bc6 14. Nd5 Re8
15. Rac1 Bd7 16. f4 c6 17. fxe5 cxd5 18. exd6 Bxb2 19. Qxb2 Be6 20. c5 b6 21.
Bxd5 bxc5 22. Bc6 Rf8 23. Qa3 c4 24. Qxa7 Rb6 25. Bd5 Bxd5 26. Rxd5 cxb3 27.
axb3 Rxd6 28. Rxd6 Qxd6 29. Qe3 Rb8 30. Rf1 Qd5 31. Rf3 Rc8 32. Qd3 Qe6 33. Kg2
Re8 34. Kf2 Qh3 35. Kg1 Qe6 36. Kg2 Qxe2+ 37. Qxe2 Rxe2+ 38. Rf2 Re4 39. Rb2
Rb4 40. Kf3 Kf8 41. Ke3 Ke7 42. Kd3 Kd6 43. Kc3 Re4 44. b4 Kc6 45. Kd3 f5 46.
Rc2+ Kb5 47. Rc7 1/2-1/2

[Event "Elit(Eksjo-LASK)"]
[Site "?"]
[Date "2021.12.05"]
[Round "2"]
[White "Nord, Alexander"]
[Black "Malesevic, Nedeljko"]
[Result "1/2-1/2"]
[WhiteElo "2178"]
[BlackElo "2253"]
[PlyCount "168"]

1. d4 d5 2. Nf3 Nf6 3. g3 c6 4. Bg2 Bf5 5. c4 e6 6. Nc3 Nbd7 7. Qb3 Qb6 8. c5
Qxb3 9. axb3 a6 10. b4 Ne4 11. Nh4 Nxc3 12. bxc3 Bg4 13. h3 Bh5 14. f4 Be7 15.
Nf3 Bxf3 16. Bxf3 f5 17. Kf2 O-O 18. Bd2 Nf6 19. g4 Ne4+ 20. Bxe4 fxe4 21. Kg3
Bd8 22. h4 h5 23. g5 Kh7 24. e3 Bc7 25. Ra4 Rf7 26. Kg2 Raf8 27. Be1 Kg6 28.
Bg3 Kf5 29. Kh3 Ra8 30. Ra2 Bd8 31. Rha1 Rf8 32. Rb1 Bc7 33. Rba1 Ra7 34. Ra4
Rfa8 35. R1a2 Bd8 36. Be1 Kg6 37. Kg3 Bc7 38. Kh3 Kf7 39. Kg2 Ke7 40. Kf1 Kd7
41. Ke2 b5 42. cxb6 Bxb6 43. Kd1 a5 44. Bf2 Kc8 45. Be1 Kb7 46. Kc2 axb4 47.
Rxa7+ Bxa7 48. cxb4 Rf8 49. Bd2 Bb6 50. Ra1 Bc7 51. Ra2 Rb8 52. Ra4 Bb6 53. Ra1
Kc7 54. Kd1 Kd7 55. Ke2 Bc7 56. Ra7 Rb6 57. Ke1 Kc8 58. Kd1 Kb8 59. Ra4 Kb7 60.
Kc2 Bb8 61. Ra1 Kc8 62. Kd1 Kd7 63. Ke2 Rb7 64. Ra6 Bd6 65. Ra4 Kc7 66. Kd1 Kb6
67. Kc2 Kb5 68. Kb3 Kb6 69. Kc2 Bb8 70. Ra8 Kc7 71. Kd1 Rb6 72. Ra4 Kb7 73. Kc2
Bd6 74. Kc1 Ra6 75. Rxa6 Kxa6 76. Kc2 Kb6 77. Be1 Kc7 78. Kd1 Kd7 79. Ke2 Ke7
80. Bd2 Kf7 81. Kf2 Kg6 82. Kg2 Kf5 83. Kg3 Bc7 84. Bc1 Bd6 1/2-1/2

[Event "Elit(Eksjo-LASK)"]
[Site "?"]
[Date "2021.12.05"]
[Round "2"]
[White "Rothen, Hakan"]
[Black "Jogstad, Martin"]
[Result "1/2-1/2"]
[WhiteElo "2240"]
[BlackElo "2348"]
[PlyCount "103"]

1. d4 e6 2. Nf3 d5 3. e3 a6 4. Bd3 Nf6 5. Nbd2 c5 6. c3 Nc6 7. O-O Be7 8. dxc5
Bxc5 9. e4 O-O 10. exd5 exd5 11. Nb3 Bb6 12. Bg5 Bg4 13. h3 Bh5 14. g4 Bg6 15.
Nbd4 Qd6 16. Ne2 Ne4 17. Bxe4 Bxe4 18. Nfd4 Ne5 19. Bf4 Qf6 20. Bxe5 Qxe5 21.
f3 Bg6 22. Qd2 Rfe8 23. Rae1 Bc7 24. f4 Qd6 25. Rf2 Be4 26. Ng3 Kf8 27. Rfe2
Qh6 28. Nxe4 dxe4 29. Rxe4 Qxh3 30. Rxe8+ Rxe8 31. Rxe8+ Kxe8 32. Qe2+ Kf8 33.
f5 Qg3+ 34. Qg2 Qe1+ 35. Qf1 Qg3+ 36. Qg2 Qe1+ 37. Qf1 Qe4 38. Qd1 Bf4 39. Ne6+
fxe6 40. Qd8+ Kf7 41. Qd7+ Kf8 42. Qd8+ Kf7 43. Qd7+ Kf6 44. Qd8+ Ke5 45. Qc7+
Kd5 46. Qxb7+ Ke5 47. Qc7+ Kf6 48. Qd8+ Kf7 49. Qd7+ Kf8 50. Qd8+ Kf7 51. Qd7+
Kf8 52. Qd8+ 1/2-1/2

[Event "Elit(Vaxjo-Limhamn)"]
[Site "?"]
[Date "2021.12.05"]
[Round "2"]
[White "Hector, Jonny"]
[Black "Hillarp, Tiger"]
[Result "1/2-1/2"]
[WhiteElo "2447"]
[BlackElo "2528"]
[PlyCount "115"]
[EventDate "2021.??.??"]
[SourceDate "2021.12.08"]

1. e4 c5 2. Nf3 d6 3. d4 cxd4 4. Nxd4 Nf6 5. Nc3 Nc6 6. Bg5 e6 7. Qd2 a6 8.
O-O-O Bd7 9. f4 Be7 10. Nf3 b5 11. Bxf6 gxf6 12. Kb1 b4 13. Ne2 h5 14. Ned4 Qb6
15. Bc4 Na5 16. Bd3 Nb7 17. Rhe1 a5 18. Qe2 Rc8 19. e5 fxe5 20. fxe5 d5 21. Bb5
Bxb5 22. Nxb5 Rc4 23. Nfd4 Bc5 24. Qd2 Bxd4 25. Nxd4 Rg8 26. Rf1 Rxd4 27. Qxd4
Qxd4 28. Rxd4 Rxg2 29. Rh4 Rg5 30. Re1 Nc5 31. a3 bxa3 32. bxa3 Ne4 33. Re3
Rxe5 34. Reh3 Nd2+ 35. Ka2 Re2 36. Rxh5 Nc4 37. Kb3 a4+ 38. Kxa4 Rxc2 39. Rb3
Nd6 40. h4 Kd7 41. Rh3 Rb2 42. Rb3 Rc2 43. Rh3 Ne4 44. Kb3 Rc8 45. Rh7 Ke7 46.
Rg7 d4 47. Kb2 Kf6 48. Rg1 e5 49. h5 Ng5 50. Rhg3 Ne4 51. Rg8 Rc3 52. Rh1 Nd2
53. h6 Nc4+ 54. Kb1 Rb3+ 55. Kc2 Rc3+ 56. Kb1 Rb3+ 57. Kc2 Rc3+ 58. Kb1 1/2-1/2

[Event "Elit(Vaxjo-Limhamn)"]
[Site "?"]
[Date "2021.12.05"]
[Round "2"]
[White "Solodovnichenko, Yuri"]
[Black "Haubro, Martin"]
[Result "0-1"]
[WhiteElo "2561"]
[BlackElo "2410"]
[PlyCount "100"]
[EventDate "2021.??.??"]

1. e4 e5 2. Nf3 Nc6 3. Bb5 a6 4. Ba4 Nf6 5. O-O Be7 6. Re1 b5 7. Bb3 d6 8. c3
O-O 9. h3 Re8 10. d4 Bb7 11. Nbd2 Bf8 12. a3 h6 13. Bc2 Nb8 14. b4 Nbd7 15. Bb2
g6 16. Qb1 Bg7 17. c4 exd4 18. Nxd4 c5 19. N4b3 Rb8 20. bxc5 Nxc5 21. cxb5 axb5
22. e5 Nh5 23. Nxc5 dxc5 24. Ne4 Bxe5 25. Nxc5 Bxb2 26. Rxe8+ Qxe8 27. Qxb2 Ba8
28. Qb4 Rc8 29. Re1 Qf8 30. Re5 Qd6 31. Nd3 Qc6 32. Ne1 Re8 33. Be4 Qd7 34.
Rxe8+ Qxe8 35. Bd3 Bc6 36. Nc2 Qd8 37. Nd4 Bxg2 38. Bxg6 Qg5 39. Bxf7+ Kxf7 40.
h4 Qg4 41. f3 Bxf3+ 42. Kf1 Bd5 43. Qc5 Bc4+ 44. Ke1 Qxh4+ 45. Kd1 Qg4+ 46. Kc2
Qe4+ 47. Kb2 Nf6 48. Nf5 Qe2+ 49. Kc1 Qe1+ 50. Kc2 Bd3+ 0-1

[Event "Elit(Vaxjo-Limhamn)"]
[Site "?"]
[Date "2021.12.05"]
[Round "2"]
[White "Johansson, Linus"]
[Black "Olofsson-Dolk, Mattis"]
[Result "1-0"]
[WhiteElo "479"]
[BlackElo "2179"]
[PlyCount "101"]
[EventDate "2021.??.??"]

1. d4 Nf6 2. c4 g6 3. Nc3 d5 4. cxd5 Nxd5 5. e4 Nxc3 6. bxc3 Bg7 7. Qa4+ Nd7 8.
Nf3 O-O 9. Be2 Nb6 10. Qa3 Bg4 11. Rb1 Qd6 12. h3 Bxf3 13. gxf3 Rfc8 14. Qa5 e5
15. d5 Bf8 16. Be3 Rcb8 17. O-O Nd7 18. Kg2 Nf6 19. c4 b6 20. c5 bxc5 21. Rxb8
Rxb8 22. Qxa7 Rb2 23. Bc4 Nh5 24. Qa3 Rb4 25. Qd3 Qf6 26. Rb1 Nf4+ 27. Bxf4
Qxf4 28. a3 Rb6 29. a4 Qg5+ 30. Kf1 Rxb1+ 31. Qxb1 Qd2 32. Qa2 Qxa2 33. Bxa2 c4
34. Bxc4 Bc5 35. f4 Bd4 36. fxe5 Bxe5 37. Ke2 Kf8 38. Ke3 f6 39. a5 Bc3 40. a6
Ba5 41. f4 Bb6+ 42. Kd3 Ke7 43. e5 fxe5 44. fxe5 Kd7 45. Bb5+ Ke7 46. Ba4 Kd8
47. Kc4 Ba7 48. Kb5 Kd7 49. Bd1 h5 50. Bc2 g5 51. Bf5+ 1-0

[Event "Elit(Vaxjo-Limhamn)"]
[Site "?"]
[Date "2021.12.05"]
[Round "2"]
[White "Sumets, Andrey"]
[Black "Jepson, Christian"]
[Result "1-0"]
[WhiteElo "2527"]
[BlackElo "2402"]
[PlyCount "65"]
[EventDate "2021.??.??"]

1. d4 Nf6 2. c4 c5 3. d5 g6 4. Nc3 Bg7 5. e4 d6 6. Nf3 e6 7. Be2 O-O 8. O-O Re8
9. h3 exd5 10. exd5 Ne4 11. Nxe4 Rxe4 12. Bd3 Re8 13. Bg5 Qb6 14. Re1 Bd7 15.
Rb1 Na6 16. Rxe8+ Rxe8 17. a3 h6 18. Be3 Qd8 19. Qd2 Kh7 20. b4 b6 21. Bf4 Qf6
22. Bg3 Bf5 23. Qc2 Bxd3 24. Qxd3 Qd8 25. h4 Bf6 26. h5 Kg7 27. hxg6 fxg6 28.
Qc2 Qd7 29. Nh4 Qf7 30. Qa4 Nc7 31. bxc5 dxc5 32. Qxa7 Na8 33. Qa4 1-0

[Event "Elit(Vaxjo-Limhamn)"]
[Site "?"]
[Date "2021.12.05"]
[Round "2"]
[White "Brynell, Stellan"]
[Black "Lindborg, Patrik"]
[Result "1/2-1/2"]
[WhiteElo "2423"]
[BlackElo "2137"]
[PlyCount "135"]
[EventDate "2021.??.??"]

1. d4 Nf6 2. Nf3 g6 3. g3 Bg7 4. Bg2 O-O 5. O-O d6 6. c4 Nc6 7. Nc3 Bf5 8. b3
a5 9. Bb2 Ne4 10. Nd5 a4 11. Qc1 Na5 12. Qe3 c6 13. g4 Bd7 14. Qxe4 cxd5 15.
cxd5 axb3 16. axb3 Nxb3 17. Rab1 Na5 18. Qf4 Nc4 19. Bc3 b5 20. e4 e6 21. e5
exd5 22. exd6 Ra6 23. Ne5 Be6 24. Rxb5 Nxd6 25. Rc5 Ne4 26. Bxe4 dxe4 27. Qxe4
Qh4 28. d5 Bc8 29. Re1 h5 30. gxh5 Qg5+ 31. Qg2 Qxh5 32. Qf3 Qg5+ 33. Qg3 Qh5
34. Nc6 Bxc3 35. Rxc3 Ra4 36. f3 Bf5 37. d6 Kh7 38. Rce3 Ra6 39. Ne7 Rd8 40.
Nxf5 gxf5 41. Re8 Rdxd6 42. Qg8+ Kh6 43. Qf8+ Kg5 44. Qe7+ Kg6 45. Rg8+ Kh7 46.
Rg2 Re6 47. Rxe6 Rxe6 48. Qg5 Qxg5 49. Rxg5 Rg6 50. Rg2 Kg7 51. Kf1 Kf6 52. Ra2
Kg5 53. Kf2 Rh6 54. Kg3 f4+ 55. Kg2 Rg6 56. Ra5+ Kh4+ 57. Kf2 Rb6 58. Rf5 Rb2+
59. Kg1 Rb1+ 60. Kf2 Rb2+ 61. Ke1 Rxh2 62. Rxf4+ Kg5 63. Rxf7 Ra2 64. Rf8 Rb2
65. Kf1 Ra2 66. Re8 Kf4 67. Re2 Rxe2 68. Kxe2 1/2-1/2

[Event "Elit(Vaxjo-Limhamn)"]
[Site "?"]
[Date "2021.12.05"]
[Round "2"]
[White "Lindberg, Bengt"]
[Black "Schneider, Stefan"]
[Result "1-0"]
[WhiteElo "2378"]
[BlackElo "2375"]
[PlyCount "59"]
[EventDate "2021.??.??"]

1. e4 c6 2. d4 d5 3. Nc3 dxe4 4. Nxe4 Nf6 5. Nxf6+ exf6 6. c3 Bd6 7. Qc2 O-O 8.
Bd3 Re8+ 9. Ne2 h5 10. O-O h4 11. h3 Nd7 12. Be3 Nf8 13. Rad1 Bd7 14. c4 Qc8
15. Nf4 Ne6 16. Nxe6 Bxe6 17. Rfe1 Bxh3 18. gxh3 Qxh3 19. Bf5 Qf3 20. Bh7+ Kh8
21. Qf5 Rxe3 22. fxe3 Qg3+ 23. Kf1 h3 24. Ke2 Re8 25. Kd3 Qh4 26. Qd7 Qxh7+ 27.
e4 Re6 28. d5 cxd5 29. cxd5 Re5 30. Qc8+ 1-0

[Event "Elit(Vaxjo-Limhamn)"]
[Site "?"]
[Date "2021.12.05"]
[Round "2"]
[White "Ziegler, Ari"]
[Black "Gonzalez, Emilio"]
[Result "1-0"]
[WhiteElo "2323"]
[BlackElo "1974"]
[PlyCount "67"]
[EventDate "2021.??.??"]

1. e4 e5 2. Nf3 Nc6 3. Bb5 a6 4. Ba4 Nf6 5. O-O b5 6. Bb3 Be7 7. a4 b4 8. d3 d6
9. a5 O-O 10. h3 Nd4 11. Nxd4 exd4 12. Bg5 Be6 13. Bxf6 Bxf6 14. Nd2 d5 15. Re1
dxe4 16. Nxe4 Bxb3 17. cxb3 Be7 18. Rc1 f5 19. Nc5 Bxc5 20. Rxc5 Qd6 21. Rce5
Qc6 22. Re6 Qb5 23. R1e5 c5 24. Qf3 Rad8 25. Rb6 Qxa5 26. Rb7 Rd6 27. Ree7 Rg6
28. Qd5+ Kh8 29. Qxf5 Rg8 30. Qd5 h6 31. Qf5 Rg5 32. Qe6 Qa1+ 33. Kh2 Qf1 34.
Qxh6+ 1-0

[Event "Elit(Vaxjo-Limhamn)"]
[Site "?"]
[Date "2021.12.05"]
[Round "2"]
[White "Fransson, Patrick"]
[Black "Lindgren, Philip"]
[Result "1/2-1/2"]
[WhiteElo "2150"]
[BlackElo "2357"]
[PlyCount "59"]
[EventDate "2021.??.??"]

1. d4 d5 2. Bg5 Nf6 3. e3 Nbd7 4. f4 Ne4 5. Bh4 h6 6. Nd2 Nxd2 7. Qxd2 g5 8.
Bg3 e6 9. Nf3 Nf6 10. Bd3 Ne4 11. Bxe4 dxe4 12. Ne5 f6 13. Ng6 Rg8 14. Nxf8
Kxf8 15. fxg5 hxg5 16. O-O-O Qd5 17. Qb4+ Kf7 18. c4 Qc6 19. Rhf1 b5 20. Kb1
Qxc4 21. Qa5 Bb7 22. Rf2 Bd5 23. Be5 f5 24. Rc2 Qa4 25. Qxa4 bxa4 26. Rxc7+ Kg6
27. Rdc1 a6 28. R1c3 Raf8 29. g3 Rf7 30. a3 1/2-1/2

[Event "Elit(Eksjo-LASK)"]
[Site "?"]
[Date "2021.12.05"]
[Round "2"]
[White "Mauritsson, Sebastian"]
[Black "Gdanski, Jacek"]
[Result "1/2-1/2"]
[WhiteElo "2390"]
[BlackElo "2499"]
[PlyCount "67"]
[SourceDate "2021.12.08"]

1. e4 e6 2. d4 d5 3. Nc3 Bb4 4. e5 Ne7 5. a3 Bxc3+ 6. bxc3 c5 7. Qg4 O-O 8. Bd3
Nbc6 9. Bg5 Qa5 10. Ne2 Ng6 11. O-O Bd7 12. h4 c4 13. Bxg6 fxg6 14. Bd2 Qd8 15.
Nf4 Qe8 16. g3 Rf5 17. Kg2 Qf7 18. Rfb1 b6 19. Be3 Rf8 20. Rb2 Qe8 21. Rbb1 Ne7
22. Rh1 Ba4 23. Ra2 Qf7 24. Rb2 h6 25. Ra2 Bd7 26. Nh3 Bc6 27. Kg1 Qe8 28. Nf4
Qf7 29. Rb2 Bd7 30. Nh3 Nc6 31. Kg2 Ne7 32. Ra2 Nc6 33. Rb2 Ne7 34. Ra2 1/2-1/2

[Event "Elit(Eksjo-LASK)"]
[Site "?"]
[Date "2021.12.05"]
[Round "2"]
[White "Heberla, Bartlomiej"]
[Black "Dragicevic, Drazen"]
[Result "1-0"]
[WhiteElo "2560"]
[BlackElo "2365"]
[PlyCount "99"]
[SourceDate "2021.12.08"]

1. d4 Nf6 2. c4 b6 3. Nc3 Bb7 4. Nf3 e6 5. a3 d5 6. cxd5 Nxd5 7. Qc2 Be7 8. e4
Nxc3 9. bxc3 O-O 10. Bd3 c5 11. O-O Qc7 12. Qe2 Rd8 13. Re1 Nd7 14. Bd2 Rac8
15. g3 e5 16. Bb5 Nf6 17. d5 c4 18. Bg5 h6 19. Bxf6 Bxf6 20. Nd2 Bg5 21. Ba4
Bxd2 22. Qxd2 Qd6 23. Bc2 Qg6 24. a4 Rc5 25. Qe3 Qd6 26. f3 Ra5 27. Reb1 Ba6
28. Kg2 Kf8 29. Rf1 Bb7 30. Rad1 Qc5 31. Qd2 Qd6 32. Rf2 Rc5 33. Qe3 Kg8 34.
Ra1 Ra5 35. Raf1 Re8 36. Qd2 Rd8 37. f4 exf4 38. Rxf4 f6 39. Rg4 Kf8 40. Rg6
Qe5 41. Rfxf6+ gxf6 42. Qxh6+ Ke7 43. Qg7+ Kd6 44. Qxb7 Qe7 45. Qc6+ Ke5 46.
Rh6 Rg8 47. Rh7 Qd6 48. Qe8+ Rxe8 49. Rh5+ f5 50. Rxf5# 1-0

[Event "Elit(Eksjo-LASK)"]
[Site "?"]
[Date "2021.12.05"]
[Round "2"]
[White "Thybo, Jesper Sondergaard"]
[Black "Gajic, Mladen"]
[Result "1-0"]
[WhiteElo "2604"]
[BlackElo "2308"]
[PlyCount "33"]
[EventDate "2021.??.??"]

1. d4 Nf6 2. c4 c5 3. d5 e6 4. Nc3 exd5 5. cxd5 d6 6. e4 g6 7. f4 Bg7 8. Bb5+
Nfd7 9. a4 Qh4+ 10. g3 Qd8 11. Nf3 O-O 12. O-O Na6 13. f5 Nb4 14. Bg5 Qc7 15.
Be7 Re8 16. f6 a6 17. e5 1-0

[Event "Elit(Eksjo-LASK)"]
[Site "?"]
[Date "2021.12.05"]
[Round "2"]
[White "Lukez, Franko"]
[Black "Ahlander, Bjorn"]
[Result "0-1"]
[WhiteElo "2253"]
[BlackElo "2350"]
[PlyCount "102"]

1. Nf3 Nf6 2. g3 d5 3. Bg2 e6 4. O-O Be7 5. d3 c5 6. c4 O-O 7. Nc3 d4 8. Na4
Nc6 9. a3 e5 10. b4 cxb4 11. axb4 Bxb4 12. Ba3 Bxa3 13. Rxa3 Qe7 14. Qa1 Rb8
15. Rb3 b6 16. Rfb1 Nd7 17. Nd2 Bb7 18. Qa3 Qxa3 19. Rxa3 Ba8 20. Ne4 Rfd8 21.
Nd6 Na5 22. Nb5 Bxg2 23. Kxg2 Nc6 24. Nc7 Kf8 25. Rb5 Rbc8 26. Nd5 Nf6 27. e4
dxe3 28. fxe3 Nxd5 29. cxd5 Ne7 30. Nc3 Nf5 31. Kf3 Nd6 32. Rbb3 Rd7 33. Nb5
Nxb5 34. Rxb5 Ke7 35. Ke4 Kd6 36. Rb4 g6 37. g4 Rc5 38. Ra6 Rxd5 39. Rba4 Ke6
40. g5 Rxd3 41. Rxa7 Rxa7 42. Rxa7 Rd7 43. Ra8 Rb7 44. Re8+ Kd6 45. Rd8+ Ke7
46. Rd5 b5 47. Kxe5 b4 48. Rd2 Rb5+ 49. Kf4 b3 50. Rb2 Kd6 51. Ke4 Kc5 0-1

[Event "Elit(Eksjo-LASK)"]
[Site "?"]
[Date "2021.12.05"]
[Round "2"]
[White "Storme, Isak"]
[Black "Vernersson, Per"]
[Result "1-0"]
[WhiteElo "2350"]
[BlackElo "2253"]
[PlyCount "109"]

1. e4 c6 2. d4 d5 3. e5 Bf5 4. Nc3 e6 5. g4 Bg6 6. Nge2 c5 7. h4 h5 8. Nf4 Bh7
9. Nxh5 Nc6 10. dxc5 Bxc5 11. Bg5 Qb6 12. Qd2 Qxb2 13. Rb1 Qxc2 14. Qxc2 Bxc2
15. Rc1 Bg6 16. Nxd5 Bxf2+ 17. Kxf2 exd5 18. Bb5 Bxh5 19. Rxc6 bxc6 20. Bxc6+
Kf8 21. Bxa8 Bxg4 22. Rb1 f6 23. Rb8+ Kf7 24. exf6 gxf6 25. Be3 Be6 26. Kg3 d4
27. Bxd4 Bxa2 28. Rb7+ Ne7 29. Rxa7 Rc8 30. Bb2 Kg6 31. Rxa2 Nf5+ 32. Kf4 Nxh4
33. Be4+ f5 34. Ra6+ Kh5 35. Bg7 Ng6+ 36. Kxf5 Rc5+ 37. Kf6 Ne5 38. Ke6 Ng4 39.
Bd4 Rb5 40. Ra8 Kg5 41. Rg8+ Kf4 42. Bc6 Ra5 43. Rf8+ Kg3 44. Rf3+ Kh4 45. Bb6
Re5+ 46. Kd6 Re2 47. Bd8+ Kh5 48. Rf5+ Kh6 49. Bf3 Rd2+ 50. Ke7 Ne3 51. Re5 Nc4
52. Re4 Rf2 53. Rh4+ Kg7 54. Be4 Ne5 55. Ke6 1-0